Сборник нормативных документов по промышленной безопасности производственных объектов и требованиям производственной санитарии (Запись № 249357)

Подробности
000 -МАРКЕР
контрольное поле 01762nam0a2200325 4500
001 - ИДЕНТИФИКАТОР ЗАПИСИ
контрольное поле RU\NLR\bibl\48116
005 - ИДЕНТИФИКАТОР ВЕРСИИ
контрольное поле 20260407044928.0
021 ## - НОМЕР ГОСУДАРСТВЕННОЙ РЕГИСТРАЦИИ
Код страны Российская Федерация
Номер 99-29310
Номер Листа государственной регистраци 1428
035 ## - ДРУГИЕ СИСТЕМНЫЕ НОМЕРА
Идентификатор записи (NLR Aleph) 000046954
100 ## - ДАННЫЕ ОБЩЕЙ ОБРАБОТКИ
Данные общей обработки 19990920d1998 |||y0rusy50 ca
101 0# - ЯЗЫК РЕСУРСА
Язык текста, звукозаписи и т.д. русский
102 ## - СТРАНА ПУБЛИКАЦИИ ИЛИ ПРОИЗВОДСТВА
Страна публикации Российская Федерация
105 ## - ПОЛЕ КОДИРОВАННЫХ ДАННЫХ: ТЕКСТОВЫЕ МАТЕРИАЛЫ, МОНОГРАФИЧЕСКИЕ
Кодированные данные о монографическом текстовом документе y |||||||||
200 1# - ЗАГЛАВИЕ И СВЕДЕНИЯ ОБ ОТВЕТСТВЕННОСТИ
Основное заглавие Сборник нормативных документов по промышленной безопасности производственных объектов и требованиям производственной санитарии
Сведения, относящиеся к заглавию Учеб. пособие
Первые сведения об ответственности Учеб. центр охраны труда Саран. дома науки и техники
210 ## - ПУБЛИКАЦИЯ, РАСПРОСТРАНЕНИЕ И ДР.
Место издания, распространения и т.д. Саранск
Имя издателя, распространителя и т. д. Б.и.
Дата издания, распространения и т.д. 1998
215 ## - ФИЗИЧЕСКАЯ ХАРАКТЕРИСТИКА
Специфическое обозначение материала и объем [59] с.
Размеры 20
606 0# - НАИМЕНОВАНИЕ ТЕМЫ КАК ПРЕДМЕТ
Наименование темы Промышленные предприятия
Формальный подзаголовок Нормативные и руководящие материалы
Тематический подзаголовок Санитарный надзор
Системный номер авторитетной/нормативной записи 1983604
Идентификатор авторитетной/нормативной записи RU\NLR\auth\66910085
606 0# - НАИМЕНОВАНИЕ ТЕМЫ КАК ПРЕДМЕТ
Наименование темы Промышленные предприятия
Формальный подзаголовок Нормативные документы
Тематический подзаголовок Санитарный надзор
Системный номер авторитетной/нормативной записи 1983604
Идентификатор авторитетной/нормативной записи RU\NLR\auth\66910085
606 0# - НАИМЕНОВАНИЕ ТЕМЫ КАК ПРЕДМЕТ
Наименование темы Техника безопасности
Формальный подзаголовок Нормативные и руководящие материалы
Системный номер авторитетной/нормативной записи 904098
Идентификатор авторитетной/нормативной записи RU\NLR\auth\669199
606 0# - НАИМЕНОВАНИЕ ТЕМЫ КАК ПРЕДМЕТ
Наименование темы Техника безопасности
Формальный подзаголовок Нормативные документы
Системный номер авторитетной/нормативной записи 904098
Идентификатор авторитетной/нормативной записи RU\NLR\auth\669199
686 ## - ИНДЕКСЫ ДРУГИХ КЛАССИФИКАЦИЙ
Индекс Р124.1
686 ## - ИНДЕКСЫ ДРУГИХ КЛАССИФИКАЦИЙ
Индекс Ж.н6я8
712 02 - НАИМЕНОВАНИЕ ОРГАНИЗАЦИИ - ВТОРИЧНАЯ ОТВЕТСТВЕННОСТЬ
Код отношения Прочие
Начальный элемент ввода Учебный центр охраны труда
Идентифицирующий признак Саранск
Системный номер авторитетной/нормативной записи 533244
Идентификатор авторитетной/нормативной записи RU\NLR\AUTH\8810017697
801 #0 - ИСТОЧНИК ЗАПИСИ
Страна Российская Федерация
Организация NLR
Дата составления 19990920
Правила каталогизации PSBO
801 #1 - ИСТОЧНИК ЗАПИСИ
Страна Российская Федерация
Организация NLR
Дата составления 19990920
852 ## - МЕСТОНАХОЖДЕНИЕ И ШИФР ХРАНЕНИЯ
Идентификатор организации NLR
Шифр хранения (Call Number) 99-4/6406
942 ## - ДОПОЛНИТЕЛЬНЫЕ ЭЛЕМЕНТЫ ЗАПИСИ (АБИС)
Тип экземпляра АБИС Книга
980 ## - КОЛЛЕКЦИЯ
Название коллекции Национальная библиография
Экземпляры
Тип экземпляра Дата поступления Библиотека постоянного хранения Библиотека текущего хранения Место хранения Шифр хранения Штрих-код Статус экземпляра
Книга 26.10.2013 РНБ (Московский) РНБ (Московский) Русский книжный фонд: издания с 1957 года 99-4/6406 46954-10